[Event "2022 Zone 4.2 Individual Chess Championship Open"]
[Site "Lome, Hotel Saint Manick Annexe"]
[Date "2022.03.25"]
[Round "7"]
[Board "3"]
[White "Anquandah, Francis Eric"]
[Black "Atabor, Job"]
[Result "1-0"]
[WhiteElo "1936"]
[BlackElo "1909"]
[PlyCount "119"]
[EventDate "2022.03.20"]
[EventRounds "9"]
[EventCountry "TOG"]

1. e4 c5 2. Nf3 d6 3. d4 cxd4 4. Bb5+ Bd7 5. Bxd7+ Nxd7 6. Nxd4 Ngf6 7. f3 d5
8. exd5 Nxd5 9. O-O e6 10. Kh1 Bc5 11. Nb3 Be7 12. f4 O-O 13. Qe2 Bf6 14. c3
Qc7 15. Na3 a6 16. Nc2 Rfe8 17. Qf3 Rad8 18. Be3 Nxe3 19. Nxe3 g6 20. Rad1 b5
21. Ng4 Bg7 22. Nd4 h5 23. Nf2 e5 24. Qc6 Qa7 25. Nf3 exf4 26. Rd6 Nb8 27. Qd5
Rxd6 28. Qxd6 g5 29. h3 f6 30. Nd4 Qd7 31. Qb6 Qd8 32. Qb7 Qd7 33. Qf3 Qf7 34.
Nf5 Bf8 35. Rd1 Nd7 36. Ne4 Ne5 37. Qxh5 Qxh5 38. Nxf6+ Kf7 39. Nxh5 Kg6 40. g4
Nc4 41. b3 Ne3 42. Re1 Bc5 43. Nxe3 Rxe3 44. Rxe3 Bxe3 45. Kg2 Bd2 46. c4 bxc4
47. bxc4 Be1 48. Kf3 Bh4 49. Ke4 Kf7 50. a3 a5 51. a4 Bf2 52. Kf5 Bh4 53. Nf6
f3 54. Ne4 Ke7 55. Nd2 f2 56. Nf1 Kd6 57. Ke4 Kc5 58. Kd3 Kb4 59. Kd4 Kxa4 60.
Kc3  1-0

[Event "2022 Zone 4.2 Individual Chess Championship Open"]
[Site "Lome, Hotel Saint Manick Annexe"]
[Date "2022.03.25"]
[Round "7"]
[Board "4"]
[White "Balogun, Oluwafemi"]
[Black "Attade, Josias Prosper"]
[Result "1-0"]
[WhiteElo "2308"]
[BlackElo "1553"]
[PlyCount "61"]
[EventDate "2022.03.20"]
[EventRounds "9"]
[EventCountry "TOG"]

1. e4 c5 2. Nf3 Nc6 3. d4 cxd4 4. Nxd4 Nf6 5. Nc3 g6 6. Be3 Bg7 7. h3 O-O 8.
Be2 d5 9. Nxc6 bxc6 10. e5 Nd7 11. f4 e6 12. O-O a6 13. Na4 Qa5 14. c3 c5 15.
Nxc5 Nxc5 16. b4 Qa3 17. Bxc5 Qxc3 18. Rf3 Qb2 19. Rb3 Bxe5 20. Rxb2 Bxb2 21.
Rb1 Bc3 22. Bxf8 Kxf8 23. Qa4 Rb8 24. Bxa6 d4 25. Bxc8 Rxc8 26. Qd7 Ra8 27. a4
Re8 28. a5 f6 29. a6 e5 30. fxe5 fxe5 31. Rf1+  1-0

[Event "2022 Zone 4.2 Individual Chess Championship Open"]
[Site "Lome, Hotel Saint Manick Annexe"]
[Date "2022.03.25"]
[Round "7"]
[Board "5"]
[White "Egbe, Kossi Thierry"]
[Black "Adu-Poku, Kwabena"]
[Result "0-1"]
[WhiteElo "1686"]
[BlackElo "1950"]
[PlyCount "120"]
[EventDate "2022.03.20"]
[EventRounds "9"]
[EventCountry "TOG"]

1. e4 c5 2. Nf3 Nc6 3. d4 cxd4 4. Nxd4 Nf6 5. Nc3 e5 6. Ndb5 d6 7. Bg5 a6 8.
Bxf6 gxf6 9. Na3 b5 10. Nd5 Bg7 11. Be2 f5 12. Bd3 O-O 13. c3 fxe4 14. Bxe4 f5
15. Bc2 e4 16. Bb3 Kh8 17. Nf4 Be5 18. Qd2 b4 19. Ng6+ Kg7 20. Nxf8 bxa3 21.
Ne6+ Bxe6 22. Bxe6 axb2 23. Qxb2 Rb8 24. Qd2 Qf6 25. O-O Qxe6 26. Rab1 Qh6 27.
Qxh6+ Kxh6 28. Rxb8 Nxb8 29. Rb1 Nd7 30. Rb7 Nc5 31. Rb6 Kg5 32. c4 Kf6 33. g3
Ke6 34. Kf1 Kd7 35. Ke2 a5 36. Rb5 a4 37. f3 a3 38. Ra5 exf3+ 39. Kxf3 Bb2 40.
Ke3 Ke6 41. Ra7 Ne4 42. Kd3 Nc3 43. Kc2 Nxa2 44. Kb3 Nc1+ 45. Kc2 Ne2 46. Rxh7
Nd4+ 47. Kb1 Nc6 48. Rh4 Nb4 49. Rf4 Bc3 50. Rf2 a2+ 51. Rxa2 Nxa2 52. Kxa2 Ke5
53. h3 Kd4 54. Kb3 Be1 55. g4 fxg4 56. hxg4 Bh4 57. Kb4 Be7 58. Kb5 Kc3 59. c5
dxc5 60. g5 c4  0-1

[Event "2022 Zone 4.2 Chess Championship"]
[Site "?"]
[Date "2022.03.26"]
[Round "9"]
[White "CM Onokpite Kennedy"]
[Black "IM Mariano Ortega"]
[Result "1/2-1/2"]
[WhiteElo "2172"]
[BlackElo "2472"]
[PlyCount "81"]
[EventDate "2022.??.??"]
[SourceVersionDate "2022.03.27"]

1. d4 d5 2. Nf3 Nf6 3. c3 e6 4. Bf4 Bd6 5. Bg3 c5 6. e3 Qc7 7. Bxd6 Qxd6 8. Ne5
Nbd7 9. f4 Qb6 10. Qb3 O-O 11. Nd2 Nxe5 12. fxe5 Ng4 13. Qxb6 axb6 14. Ke2 f6
15. h3 Nh6 16. Nf3 fxe5 17. Nxe5 Nf7 18. Nxf7 Rxf7 19. Ke1 e5 20. dxe5 Re7 21.
Bd3 Rxe5 22. Kd2 Bf5 23. Rhf1 Rf8 24. Rf4 g5 25. Rxf5 Rexf5 26. Bxf5 Rxf5 27.
Re1 Kf7 28. e4 dxe4 29. Rxe4 b5 30. Ke2 Kf6 31. b3 h5 32. g4 hxg4 33. hxg4 Rf4
34. Ke3 Rf1 35. Kd3 Rf2 36. Re8 Rxa2 37. Rc8 Rb2 38. Rxc5 Rxb3 39. Kc2 Ra3 40.
Rxb5 Ra4 41. Rxb7 1/2-1/2

[Event "2022 Zone 4.2 Chess Championship"]
[Site "?"]
[Date "2022.03.26"]
[Round "9"]
[White "IM Balogun Oluwafemi"]
[Black "FM De Gondo Armel"]
[Result "1-0"]
[WhiteElo "2308"]
[BlackElo "2119"]
[PlyCount "57"]
[EventDate "2022.??.??"]
[SourceVersionDate "2022.03.27"]

1. e4 c5 2. Nf3 d6 3. d4 cxd4 4. Nxd4 Nf6 5. Nc3 a6 6. f3 e6 7. Be3 b5 8. g4 b4
9. Nce2 d5 10. g5 Nh5 11. Qd2 Bb7 12. O-O-O dxe4 13. Ng3 Nxg3 14. hxg3 e5 15.
g6 fxg6 16. Ne6 Qxd2+ 17. Rxd2 Nd7 18. Nc7+ Ke7 19. Nxa8 Bxa8 20. Bc4 exf3 21.
Rhd1 Kf6 22. Rxd7 Be7 23. R1d6+ Kf5 24. Rxe7 Kg4 25. Rxe5 Kxg3 26. Rg5+ Kh2 27.
Rd2+ f2 28. Rxf2+ Kh1 29. Rf4 1-0